000 00856am a2200277a 44500
003 AR-BaBNM
005 20251128211203.0
008 073020s2002 #AR|||||||||||000 | eng||
020 _a0-521-75360-0
040 _cAR-BaBNM
100 1 _aWainwright, Stewart
245 1 0 _aTeaching and assessing skills in computer studies
250 _a1ª ed.
260 _aCambridge
_bUniversity Press
_c2002
300 _a90 p.
490 0 _aCambridge International Examinations. Professional Development for Teachers
500 _aContiene actividades de aprendizaje, glosario y test para conocer los estilos de enseñanza
504 _aBibliografía en p. 74
650 4 _aEDUCACION
650 4 _aFORMACION DE DOCENTES
650 4 _aINFORMATICA
650 4 _aEVALUACION
650 4 _aENSEÑANZA DE LA INFORMATICA
942 _cBK
998 _calicia
999 _c18628
_d18628